00686cam a22002171a 4500001001300000003000400013005001700017008004100034010001700075035002000092040005300112042001200165050002300177100004900200245005600249260006800305300002100373504004100394650001600435999001700451ne 63002570 DLC20260227111753.0920610s1963 ua b 000 0 ararc ane 63002570  a(OCoLC)25982778 aPrinceton Univ. Libr. for DLCcMWalBdMWalBdDLC apremarc00aKRM2250b.J37 19631 aJarf, Ṭuʻaymah ʻAbd al-Ḥamīd,d1925-10aMabdaʻ al-mashrūʻīyah /cṬuʻaymah al-Jarf. a[al-Qāhirah] :bMaktabat al-Qāhirah al-Ḥadīthah,c1963. a302 p. ;c24 cm. aIncludes bibliographical references. 0aState, The. c46501d46501